000 00571nam a22001817a 4500
003 OSt
005 20120302151040.0
008 090915t xxu||||| |||| 00| 0 eng d
035 _a१३९३०
040 _cमराठी
100 _aदेवळे, शं. रा.
_98823
222 _aतिर्थक्षेत्र
245 _aआपले देव आपली दैवते (भाग ४ था)
250 _a१ ली
260 _aपुणे
_bशकुन
_c१९८७
300 _b१११ पाने
942 _2ddc
_cBOOK
999 _c493640
_d493637